[Event "Mondiale Lampo FIDE 2019"]
[Site "Mosca"]
[Date "29.12.2019"]
[Round "5.38"]
[White "Safarli, Eltaj"]
[Black "Can, Emre"]
[Result "1-0"]
[WhiteTitle "GM"]
[BlackTitle "GM"]
[WhiteElo "2601"]
[BlackElo "2600"]
[WhiteFideId "13402129"]
[BlackFideId "6302181"]
[EventDate "2019.12.29"]

1. e4 c5 2. Nc3 e6 3. Nf3 Nc6 4. Bb5 Nge7 5. O-O a6 6. Bxc6 Nxc6 7. d4 cxd4 8.
Nxd4 d6 9. Re1 Be7 10. Nxc6 bxc6 11. Qg4 Bf6 12. e5 dxe5 13. Ne4 O-O 14. Bh6 Kh8
15. Rad1 Qe7 16. Be3 Rg8 17. Bc5 Qc7 18. Nxf6 gxf6 19. Qh4 Rg6 20. Re3 Bb7 21.
Red3 Rag8 22. g3 Bc8 23. b4 Kg7 24. Qe4 f5 25. Qe1 e4 26. Rd6 Kh8 27. Qc3+ f6
28. Bd4 e5 29. Bc5 f4 30. Qd2 e3 31. fxe3 fxg3 32. h4 g2 33. Rd8 e4 34. Rxg8+
Rxg8 35. Qf2 Qg7 36. Rd6 Rf8 37. Bd4 Kg8 38. Rxc6 Bh3 39. Rxa6 Qg4 40. Kh2 Qd1
41. Qg3+ Kh8 42. Bxf6+ Rxf6 43. Ra8+ 1-0

[Event "Mondiale Lampo FIDE 2019"]
[Site "Mosca"]
[Date "29.12.2019"]
[Round "5.39"]
[White "Mozharov, Mikhail"]
[Black "Murzin, Volodar"]
[Result "1-0"]
[WhiteTitle "GM"]
[BlackTitle "IM"]
[WhiteElo "2558"]
[BlackElo "2442"]
[WhiteFideId "4189825"]
[BlackFideId "44155573"]
[EventDate "2019.12.29"]

1. c4 c6 2. e4 d5 3. exd5 cxd5 4. d4 Nf6 5. Nc3 g6 6. cxd5 Nxd5 7. Bc4 Nb6 8.
Bb3 Bg7 9. Nf3 O-O 10. O-O Bg4 11. d5 N8d7 12. h3 Bxf3 13. Qxf3 Rc8 14. Re1 Nc5
15. Bg5 Bf6 16. Bh6 Re8 17. Rad1 Nbd7 18. d6 e6 19. Ne4 Nxb3 20. axb3 Bg7 21.
Be3 a6 22. Ng5 Rf8 23. Qxb7 Rb8 24. Qxa6 Rxb3 25. Ne4 Rxb2 26. Rb1 Rxb1 27. Rxb1
f5 28. Nc5 Nxc5 29. Bxc5 Rf7 30. Qc6 Bf8 31. Re1 Qd7 32. Qb6 h5 33. Bb4 Qb7 34.
Qc5 Qd7 35. Qe5 Kh7 36. Qxe6 Qxe6 37. Rxe6 Kg7 38. Bc3+ Kg8 39. Bf6 Rd7 40. Be7
Bg7 41. Rxg6 Kf7 42. Rg5 f4 43. Rxh5 Ke6 44. Rg5 Be5 45. h4 Ra7 46. f3 Bd4+ 47.
Kh2 Ra1 48. h5 Bg1+ 49. Kh3 Bf2 50. Kg4 Rh1 51. Kxf4 Re1 52. Rg6+ Kd7 53. Kg4
Rg1 54. Kf5 Rh1 55. g4 Rh3 56. f4 Bd4 57. h6 Bf6 58. Kxf6 Rh4 59. Kg7 1-0

[Event "Mondiale Lampo FIDE 2019"]
[Site "Mosca"]
[Date "29.12.2019"]
[Round "5.40"]
[White "Tengis, Tsog-Ochir"]
[Black "Pashikian, Arman"]
[Result "1-0"]
[WhiteTitle "FM"]
[BlackTitle "GM"]
[WhiteElo "2190"]
[BlackElo "2605"]
[WhiteFideId "4902718"]
[BlackFideId "13301578"]
[EventDate "2019.12.29"]

1. Nf3 d5 2. c4 e6 3. e3 Nf6 4. b3 c5 5. Bb2 Nc6 6. cxd5 exd5 7. Bb5 Bd6 8. O-O
O-O 9. d4 cxd4 10. Nxd4 Bc7 11. Ba3 Re8 12. Nd2 Ng4 13. h3 Nge5 14. Rc1 Bd7 15.
Bxc6 bxc6 16. N2f3 Qf6 17. Bb2 Qd6 18. Qc2 Nxf3+ 19. Nxf3 Re6 20. Rfd1 Rg6 21.
Be5 Qxe5 22. Nxe5 Bxe5 23. h4 h5 24. e4 Bg4 25. exd5 Bxd1 26. Rxd1 cxd5 27. Rxd5
Re8 28. g3 Rge6 29. Rd7 g6 30. Qc4 Rf6 31. a4 Kg7 32. Rxa7 Rd8 33. Re7 Bd4 34.
Re2 Ba7 35. a5 Rd4 36. Qc7 Rd1+ 37. Kg2 Bd4 38. b4 Rf5 39. Qc2 Ra1 40. Qc4 Ba7
41. a6 Kh7 42. b5 Rb1 43. Qc7 Bd4 44. a7 Bxa7 45. Qxa7 Rbxb5 46. Qd4 Rb7 47. Re8
f6 48. Qc4 Rg7 49. f3 Ra5 50. Qc3 Ra6 51. Rc8 Rd6 52. Rc7 Re6 53. Rxg7+ Kxg7 54.
Qc7+ Kh6 55. Qf7 Ra6 56. g4 hxg4 57. fxg4 Rb6 58. Kf3 Ra6 59. Qf8+ Kh7 60. Ke3
Re6+ 61. Kd4 Ra6 62. Kd5 Ra4 63. Qe8 Rxg4 64. Qd7+ 1-0

[Event "Mondiale Lampo FIDE 2019"]
[Site "Mosca"]
[Date "29.12.2019"]
[Round "5.41"]
[White "Sanal, Vahap"]
[Black "Svidler, Peter"]
[Result "0-1"]
[WhiteTitle "GM"]
[BlackTitle "GM"]
[WhiteElo "2549"]
[BlackElo "2723"]
[WhiteFideId "6300545"]
[BlackFideId "4102142"]
[EventDate "2019.12.29"]

1. e4 c5 2. Nc3 a6 3. g3 g6 4. Bg2 Bg7 5. d3 b5 6. f4 d6 7. Nf3 b4 8. Ne2 a5 9.
O-O Bb7 10. g4 Nf6 11. g5 Nfd7 12. f5 Nc6 13. Nf4 Nde5 14. Nd5 Nxf3+ 15. Qxf3
Nd4 16. Qd1 Bxd5 17. exd5 Nxf5 18. Be4 Nd4 19. c3 bxc3 20. Qa4+ Qd7 21. Qxd7+
Kxd7 22. bxc3 Ne2+ 23. Kg2 Bxc3 24. Rb1 Rhb8 25. Be3 Ke8 26. Kf2 Nd4 27. Bxd4
Bxd4+ 28. Kf3 a4 29. h4 a3 30. Rxb8+ Rxb8 31. Re1 Rb2 32. Re2 Kd8 0-1

[Event "Mondiale Lampo FIDE 2019"]
[Site "Mosca"]
[Date "29.12.2019"]
[Round "5.42"]
[White "Le, Quang Liem"]
[Black "Iljiushenok, Ilia"]
[Result "1/2-1/2"]
[WhiteTitle "GM"]
[BlackTitle "GM"]
[WhiteElo "2713"]
[BlackElo "2521"]
[WhiteFideId "12401137"]
[BlackFideId "24105074"]
[EventDate "2019.12.29"]

1. d4 Nf6 2. c4 g6 3. Nc3 Bg7 4. e4 d6 5. Nge2 O-O 6. Ng3 a6 7. Be2 c5 8. d5 b5
9. cxb5 axb5 10. Nxb5 Ba6 11. O-O h5 12. f3 Qb6 13. Nc3 Bxe2 14. Qxe2 Na6 15.
Be3 Rfb8 16. Rab1 Nd7 17. Qd2 Qa5 18. Nge2 Ne5 19. b3 Nb4 20. a4 c4 21. Nb5 cxb3
22. Rxb3 Nc4 23. Qxb4 Qxb4 24. Rxb4 Nxe3 25. Rc1 e6 26. Kf2 Bh6 27. dxe6 fxe6
28. Rc6 Nd1+ 29. Ke1 Ne3 30. Kf2 Nd1+ 31. Kg3 Ne3 32. Rxd6 Bf8 33. Rdd4 Bxb4 34.
Rxb4 Nc2 35. Rc4 Ne3 36. Rd4 Nc2 37. Rd2 Rxa4 38. Nbc3 Ne3 39. Kf2 Nc4 40. Rd4
Rab4 41. Na2 Ra4 42. Nec3 Rb2+ 43. Kg3 Raxa2 44. Nxa2 Ne3 45. Nc3 g5 46. Nd1
Rxg2+ 47. Kh3 g4+ 48. fxg4 hxg4+ 49. Kh4 Rxh2+ 50. Kg5 Nxd1 51. Rxd1 g3 52. Rg1
g2 53. Kf4 Kf7 54. Kg3 Rh8 55. Rxg2 Rg8+ 56. Kf3 Rxg2 57. Kxg2 1/2-1/2

[Event "Mondiale Lampo FIDE 2019"]
[Site "Mosca"]
[Date "29.12.2019"]
[Round "5.43"]
[White "Pigusov, Evgeny"]
[Black "Vachier-Lagrave, Maxime"]
[Result "0-1"]
[WhiteTitle "GM"]
[BlackTitle "GM"]
[WhiteElo "2555"]
[BlackElo "2780"]
[WhiteFideId "4100514"]
[BlackFideId "623539"]
[EventDate "2019.12.29"]

1. Nf3 Nf6 2. c4 g6 3. g3 Bg7 4. Bg2 O-O 5. d4 d6 6. O-O Nc6 7. Nc3 a6 8. e3 Rb8
9. Qe2 Bf5 10. d5 Na7 11. Nd4 Bg4 12. Qc2 Bd7 13. b3 c5 14. dxc6 Nxc6 15. Nce2
Qc7 16. Bb2 Rfc8 17. Qd2 Nxd4 18. Nxd4 b5 19. Rac1 Qb6 20. cxb5 axb5 21. Rxc8+
Rxc8 22. Rc1 Rxc1+ 23. Qxc1 Ne8 24. Ne2 Bxb2 25. Qxb2 Nc7 26. Nf4 e5 27. Nd5
Nxd5 28. Bxd5 Qc5 29. e4 b4 30. Qe2 Bb5 31. Qd2 Qc3 32. Qd1 Kg7 33. h4 h5 34.
Qf3 Qxf3 0-1

[Event "Mondiale Lampo FIDE 2019"]
[Site "Mosca"]
[Date "29.12.2019"]
[Round "5.44"]
[White "Castellanos Rodriguez, Renier"]
[Black "Dominguez Perez, Leinier"]
[Result "0-1"]
[WhiteTitle "IM"]
[BlackTitle "GM"]
[WhiteElo "2474"]
[BlackElo "2758"]
[WhiteFideId "3404650"]
[BlackFideId "3503240"]
[EventDate "2019.12.29"]

1. e4 c5 2. Nf3 d6 3. d4 cxd4 4. Nxd4 Nf6 5. Nc3 a6 6. g3 e6 7. Bg2 Be7 8. O-O
O-O 9. b3 Qc7 10. Bb2 b5 11. e5 dxe5 12. Ndxb5 axb5 13. Bxa8 b4 14. Ne4 Nfd7 15.
a3 Ba6 16. axb4 Bxf1 17. Kxf1 Bxb4 18. Ra4 Be7 19. Ba3 Nb6 20. Bxe7 Qxe7 21. Ra1
Rd8 22. Qe1 f5 23. Nd2 e4 24. Nc4 Nxc4 25. bxc4 Nd7 26. Qa5 Nc5 27. Kg2 h6 28.
Qb6 Rd2 29. Ra7 Qf8 30. Bc6 Kh7 31. Ra8 Qd6 32. Ra5 e3 33. Qxc5 Rxf2+ 34. Kh3
Qd2 35. Qe5 Rxh2# 0-1

[Event "Mondiale Lampo FIDE 2019"]
[Site "Mosca"]
[Date "29.12.2019"]
[Round "5.45"]
[White "Aravindh, Chithambaram VR."]
[Black "Meier, Georg"]
[Result "1/2-1/2"]
[WhiteTitle "GM"]
[BlackTitle "GM"]
[WhiteElo "2605"]
[BlackElo "2626"]
[WhiteFideId "5072786"]
[BlackFideId "4675789"]
[EventDate "2019.12.29"]

1. d4 e6 2. c4 b6 3. Nc3 Bb4 4. e4 Bb7 5. Qc2 Qh4 6. Bd3 f5 7. g3 Qh5 8. f3 fxe4
9. Bxe4 Nc6 10. Be3 Nf6 11. O-O-O Bxc3 12. Qxc3 Nxe4 13. fxe4 O-O 14. h3 Qg6 15.
d5 Ne7 16. Qd3 exd5 17. cxd5 Rae8 18. Bf4 c6 19. d6 Nc8 20. Nf3 c5 21. Ne5 Qe6
22. h4 Rf6 23. Rhe1 Nxd6 24. Bg5 Bxe4 25. Rxe4 Nxe4 26. Qxe4 Rf5 27. Bf4 Rxe5
28. Bxe5 Qxe5 29. Qxe5 Rxe5 30. Rxd7 Re3 31. g4 Re4 32. Rxa7 Rxg4 33. Rb7 Rg6
34. Kd2 h5 35. Ke3 Kh7 36. b3 Kh6 37. Kf3 Rf6+ 38. Kg3 g5 39. hxg5+ Kxg5 40. a4
h4+ 41. Kg2 Kg4 42. Rg7+ Kf4 43. Rh7 Kg5 44. Rc7 Kg4 45. Rg7+ Kf5 46. Rc7 Rg6+
47. Kh2 Ke4 48. a5 bxa5 49. Rxc5 Ra6 50. Rc4+ Kd3 51. Ra4 Kc3 52. b4 Kc4 53.
Rxa5 Rxa5 54. bxa5 Kb5 55. Kh3 Kxa5 56. Kxh4 1/2-1/2

[Event "Mondiale Lampo FIDE 2019"]
[Site "Mosca"]
[Date "29.12.2019"]
[Round "5.46"]
[White "Turov, Maxim"]
[Black "Zhigalko, Sergei"]
[Result "0-1"]
[WhiteTitle "GM"]
[BlackTitle "GM"]
[WhiteElo "2574"]
[BlackElo "2571"]
[WhiteFideId "4120086"]
[BlackFideId "13502956"]
[EventDate "2019.12.29"]

1. d4 Nf6 2. Nf3 e6 3. c4 b6 4. g3 Ba6 5. Qa4 Bb7 6. Bg2 c5 7. dxc5 bxc5 8. O-O
Be7 9. Rd1 O-O 10. Nc3 Qb6 11. Qb5 Rd8 12. Bf4 d6 13. Rd2 Qc7 14. Rad1 a6 15.
Qa4 h6 16. h3 Nc6 17. a3 e5 18. Be3 Nd4 19. Rc1 Rab8 20. b4 Bc6 21. Qd1 Nxf3+
22. exf3 cxb4 23. Nd5 Bxd5 24. cxd5 Qa5 25. axb4 Rxb4 26. f4 Nd7 27. Ra1 Qb5 28.
Bf1 Qb8 29. Bxa6 exf4 30. Bxf4 Nc5 31. Bf1 Nb3 32. Rb2 Nxa1 33. Rxb4 Qxb4 34.
Qxa1 Bg5 35. Bxg5 hxg5 36. Qc1 f6 37. Bd3 Qc5 38. Qb1 Qxd5 39. Be4 Qe5 40. Qb7
d5 41. Bg6 Qe6 42. h4 gxh4 43. Qc7 Qd6 44. Qf7+ Kh8 45. Bf5 hxg3 46. Qh5+ Kg8
47. Bh7+ Kf8 48. Bg6 gxf2+ 49. Kg2 Ke7 50. Qh7 f1=Q+ 51. Kxf1 Qf4+ 52. Kg2 Qh6
53. Qxh6 gxh6 0-1

[Event "Mondiale Lampo FIDE 2019"]
[Site "Mosca"]
[Date "29.12.2019"]
[Round "5.47"]
[White "Anton Guijarro, David"]
[Black "Piorun, Kacper"]
[Result "1-0"]
[WhiteTitle "GM"]
[BlackTitle "GM"]
[WhiteElo "2685"]
[BlackElo "2611"]
[WhiteFideId "2285525"]
[BlackFideId "1130420"]
[EventDate "2019.12.29"]

1. Nf3 f5 2. d4 Nf6 3. c4 g6 4. e3 Bg7 5. Be2 O-O 6. b4 a5 7. b5 b6 8. O-O e6 9.
Nc3 Bb7 10. Ba3 d6 11. c5 bxc5 12. dxc5 dxc5 13. Bxc5 Qxd1 14. Raxd1 Re8 15. Bd4
Nbd7 16. Ne5 Nxe5 17. Bxe5 Nd5 18. Bxg7 Kxg7 19. Nxd5 Bxd5 20. Bf3 Bxf3 21. gxf3
Kf6 22. Rc1 Re7 23. a4 Rd7 24. Rc6 Ra7 25. Rfc1 h5 26. f4 Ke7 27. Kg2 Kf6 28.
Kg3 Re7 29. Ra6 Rb7 30. Rxa5 e5 31. Rc6+ Kf7 32. Raa6 exf4+ 33. exf4 Re4 34.
Rf6+ Ke7 35. Rxg6 h4+ 36. Kf3 Rb6 37. Rg7+ Kf6 38. Rxc7 Rxa6 39. bxa6 Rxa4 40.
a7 Ra3+ 41. Ke2 h3 42. Kd2 Ke6 43. Kc2 Kd6 44. Rh7 Kd5 45. Kb2 Ra6 46. Kc3 Ra1
47. f3 Kc5 48. Rf7 Kd6 49. Kc4 Rc1+ 50. Kb5 Rb1+ 51. Ka6 Ra1+ 52. Kb7 Rb1+ 53.
Kc8 Rc1+ 54. Kb8 1-0

[Event "Mondiale Lampo FIDE 2019"]
[Site "Mosca"]
[Date "29.12.2019"]
[Round "5.48"]
[White "Iturrizaga Bonelli, Eduardo"]
[Black "Zarnicki, Pablo"]
[Result "1-0"]
[WhiteTitle "GM"]
[BlackTitle "GM"]
[WhiteElo "2597"]
[BlackElo "2514"]
[WhiteFideId "3901211"]
[BlackFideId "100137"]
[EventDate "2019.12.29"]

1. c4 Nf6 2. Nc3 e6 3. Nf3 Bb4 4. Qb3 c5 5. a3 Ba5 6. e3 O-O 7. Be2 Nc6 8. O-O
d5 9. d4 dxc4 10. Qxc4 cxd4 11. exd4 h6 12. Rd1 Bd7 13. Ne5 Rc8 14. Qd3 Ne7 15.
Qh3 Nf5 16. g4 Nd6 17. g5 hxg5 18. Bxg5 Bxc3 19. Bd3 Nf5 20. Nxd7 Qxd7 21. Bxf6
gxf6 22. Bxf5 exf5 23. Rd3 Bd2 24. Rxd2 Rfd8 25. d5 Rc4 26. Kh1 Rg4 27. Rg1 Re8
28. Rdd1 Rxg1+ 29. Rxg1+ 1-0

[Event "Mondiale Lampo FIDE 2019"]
[Site "Mosca"]
[Date "29.12.2019"]
[Round "5.49"]
[White "Salem, A.R. Saleh"]
[Black "Gajewski, Grzegorz"]
[Result "1-0"]
[WhiteTitle "GM"]
[BlackTitle "GM"]
[WhiteElo "2675"]
[BlackElo "2626"]
[WhiteFideId "9301348"]
[BlackFideId "1116207"]
[EventDate "2019.12.29"]

1. d4 Nf6 2. c4 e6 3. Nc3 Bb4 4. e3 O-O 5. Bd3 d5 6. Nf3 b6 7. O-O Ba6 8. cxd5
exd5 9. Bxa6 Nxa6 10. Bd2 Re8 11. Rc1 Bf8 12. Ne5 c5 13. f4 cxd4 14. exd4 Nc7
15. f5 Ne4 16. f6 Nxf6 17. Bg5 Ne6 18. Bxf6 gxf6 19. Ng4 Bg7 20. Ne3 f5 21. Nxf5
Qg5 22. h4 Qg6 23. Nxd5 Kh8 24. Rc3 Nxd4 25. Nxd4 Rad8 26. Nf5 Bxc3 27. bxc3 Re5
28. Nfe3 Rxe3 29. Qd4+ Qg7 30. Qxg7+ 1-0

[Event "Mondiale Lampo FIDE 2019"]
[Site "Mosca"]
[Date "29.12.2019"]
[Round "5.50"]
[White "Kovalev, Vladislav"]
[Black "Vallejo Pons, Francisco"]
[Result "1-0"]
[WhiteTitle "GM"]
[BlackTitle "GM"]
[WhiteElo "2662"]
[BlackElo "2704"]
[WhiteFideId "13504398"]
[BlackFideId "2205530"]
[EventDate "2019.12.29"]

1. e4 e6 2. d4 d5 3. Nd2 c5 4. Ngf3 cxd4 5. Nxd4 Nc6 6. Bb5 Bd7 7. Nxc6 bxc6 8.
Bd3 Bd6 9. O-O Qc7 10. Nf3 dxe4 11. Bxe4 Nf6 12. Bd3 c5 13. Qe2 Bc6 14. Re1 Bxf3
15. Qxf3 O-O 16. g3 c4 17. Bf1 a5 18. b3 cxb3 19. cxb3 Be5 20. Rb1 Bd4 21. Be3
Rad8 22. Bc4 a4 23. Rbd1 Bxe3 24. Qxe3 h5 25. Qe2 a3 26. b4 h4 27. Bb3 h3 28.
Qf1 Qb6 29. Qxh3 Qxb4 30. Qf1 Qc5 31. Qc4 Qxc4 32. Bxc4 Rc8 33. Bb3 Rc3 34. Rc1
Rfc8 35. Rxc3 Rxc3 36. Rd1 g5 37. Rd8+ Kg7 38. Ra8 Ng4 39. Rxa3 Ne5 40. Ra5 Kf6
41. Kg2 Rc1 42. h3 Nd3 43. Kf3 Ne5+ 44. Ke2 Rb1 45. Rc5 Rb2+ 46. Rc2 Rb1 47. Rd2
Ra1 48. Rd1 Rxd1 49. Kxd1 Nd3 50. Ke2 Nc5 51. Bc2 Ke5 52. a4 Nb7 53. Kf3 f5 54.
h4 gxh4 55. gxh4 Na5 56. Bd3 Nb3 57. Ke3 Na5 58. Bb1 Kf6 59. Bc2 e5 60. Bd1 Nc4+
61. Ke2 e4 62. Bb3 Na5 63. Ba2 f4 64. Bb1 Ke5 65. h5 f3+ 66. Ke1 e3 67. fxe3 Kf6
68. Kf2 Kg5 69. Kxf3 Kxh5 70. Ke4 Kg5 71. Kd5 Kf6 72. Bd3 Ke7 73. Bb5 Nb3 74. e4
Na5 75. Kc5 Ke6 76. Kb6 Nb3 77. Bc6 Ke5 78. a5 1-0

[Event "Mondiale Lampo FIDE 2019"]
[Site "Mosca"]
[Date "29.12.2019"]
[Round "5.51"]
[White "Shimanov, Aleksandr"]
[Black "Triapishko, Alexandr"]
[Result "1/2-1/2"]
[WhiteTitle "GM"]
[BlackTitle "IM"]
[WhiteElo "2587"]
[BlackElo "2502"]
[WhiteFideId "4198603"]
[BlackFideId "14122286"]
[EventDate "2019.12.29"]

1. Nf3 Nf6 2. c4 e6 3. e3 d5 4. b3 b6 5. Bb2 Bb7 6. Nc3 Be7 7. cxd5 exd5 8. d4
O-O 9. Bd3 Ba6 10. O-O Bxd3 11. Qxd3 Nc6 12. Rac1 Bd6 13. Nb5 Ne7 14. Rc2 c6 15.
Nxd6 Qxd6 16. Rfc1 Rfc8 17. Ne5 Nd7 18. Nf3 a5 19. a4 Rc7 20. Ra1 Nf6 21. Ba3
Qe6 22. Rac1 Ng6 23. Ne5 Nxe5 24. dxe5 Qxe5 25. Rxc6 Rxc6 26. Rxc6 Qa1+ 27. Bc1
h6 28. h3 Rd8 29. Qd4 Qb1 30. Qxb6 Re8 31. Kh2 Ne4 32. f3 Nf2 33. Qxa5 Qd3 34.
Qe1 Nd1 35. Qd2 Qf1 36. Bb2 Nxe3 37. Rc1 Qa6 38. Bd4 Nf1+ 39. Rxf1 Qxf1 40. a5
Qb5 41. b4 Qf1 42. Be3 f6 43. Kg3 Qc4 44. Qd4 Qc7+ 45. Kf2 Qc2+ 46. Kg3 Qc7+ 47.
Bf4 Qc6 48. Qc5 Qxc5 49. bxc5 Ra8 50. Bc7 Kf7 51. Kf4 Ke6 52. Bb6 Kd7 53. Ke3
Kc6 54. Kd4 Re8 55. a6 Re2 56. a7 Ra2 57. g4 Ra4+ 58. Ke3 g5 59. Kd3 Kb5 60. Kc3
d4+ 61. Kd3 Kc6 62. Ke4 Kb5 63. Kd3 Kc6 64. Ke4 Kb5 65. Kd3 Kc6 66. Ke4 Kb5 67.
Kd3 1/2-1/2

[Event "Mondiale Lampo FIDE 2019"]
[Site "Mosca"]
[Date "29.12.2019"]
[Round "5.52"]
[White "Smirin, Ilia"]
[Black "Tsoi, Dmitry"]
[Result "1-0"]
[WhiteTitle "GM"]
[BlackTitle "FM"]
[WhiteElo "2607"]
[BlackElo "2321"]
[WhiteFideId "2801990"]
[BlackFideId "24194697"]
[EventDate "2019.12.29"]

1. e4 d6 2. d4 Nf6 3. Nc3 e5 4. Nf3 Nbd7 5. Bc4 Be7 6. O-O O-O 7. a4 c6 8. Ba2
b6 9. Re1 a6 10. h3 Rb8 11. Nh4 b5 12. axb5 axb5 13. Nf5 Nb6 14. dxe5 dxe5 15.
Qf3 Bxf5 16. Qxf5 Qc7 17. Bg5 Ne8 18. Be3 g6 19. Qf3 Nd6 20. Bb3 Ndc4 21. Bh6
Rfd8 22. Nd1 Bf8 23. Bg5 Be7 24. Bc1 Bf8 25. Ne3 Nd2 26. Bxd2 Rxd2 27. Rad1 Rxd1
28. Rxd1 Bg7 29. h4 Qe7 30. h5 Nd7 31. h6 Bxh6 32. Qh3 Bxe3 33. Rxd7 Bxf2+ 34.
Kxf2 Qc5+ 35. Ke2 Rf8 36. Qf3 Qg1 37. Rxf7 1-0

[Event "Mondiale Lampo FIDE 2019"]
[Site "Mosca"]
[Date "29.12.2019"]
[Round "5.53"]
[White "Kazhgaleyev, Murtas"]
[Black "Chigaev, Maksim"]
[Result "0-1"]
[WhiteTitle "GM"]
[BlackTitle "GM"]
[WhiteElo "2569"]
[BlackElo "2631"]
[WhiteFideId "13700316"]
[BlackFideId "4108116"]
[EventDate "2019.12.29"]

1. d4 Nf6 2. c4 g6 3. Nc3 Bg7 4. e4 d6 5. h3 O-O 6. Bg5 Na6 7. Bd3 c6 8. Nge2
Nc7 9. O-O a6 10. a4 a5 11. f4 Ne6 12. Bh4 Qb6 13. Bf2 Nh5 14. d5 Nc5 15. Rb1
Nf6 16. Qc2 Nfd7 17. b3 Qc7 18. Rbd1 e6 19. dxe6 fxe6 20. Kh1 b6 21. Nd4 Rxf4
22. Nce2 Rf8 23. Nf3 Ne5 24. Nxe5 Bxe5 25. Be3 Qg7 26. Ng1 Rxf1 27. Rxf1 Bd7 28.
Nf3 Rf8 29. Rd1 Bf4 30. Bg1 e5 31. Be2 Rf6 32. Bxc5 bxc5 33. Qc3 g5 34. Qxa5 g4
35. hxg4 Rh6+ 36. Kg1 Be3+ 0-1

[Event "Mondiale Lampo FIDE 2019"]
[Site "Mosca"]
[Date "29.12.2019"]
[Round "5.54"]
[White "Dragnev, Valentin"]
[Black "Alekseev, Evgeny"]
[Result "0-1"]
[WhiteTitle "GM"]
[BlackTitle "GM"]
[WhiteElo "2553"]
[BlackElo "2620"]
[WhiteFideId "1634852"]
[BlackFideId "4138147"]
[EventDate "2019.12.29"]

1. d4 Nf6 2. c4 e6 3. Nf3 d5 4. g3 dxc4 5. Bg2 Nc6 6. Qa4 Nd7 7. Qxc4 Nb6 8. Qd3
e5 9. Nxe5 Nb4 10. Qc3 Qxd4 11. O-O Qxc3 12. Nxc3 Bd6 13. Nf3 Bd7 14. a3 N4d5
15. Nxd5 Nxd5 16. Nd2 c6 17. Nc4 Bc7 18. b4 Be6 19. Bb2 f6 20. Rac1 O-O-O 21.
Rfd1 Rd7 22. e4 Nb6 23. Rxd7 Bxd7 24. Ne3 Be6 25. Rd1 Rd8 26. Rxd8+ Kxd8 27. f4
Na4 28. Bd4 a5 29. Bf1 axb4 30. axb4 Bd6 31. b5 Bc5 32. Bxc5 Nxc5 33. bxc6 bxc6
34. Bg2 Kc7 35. Kf2 Kb6 36. Ke2 Kb5 37. Kd2 Nb3+ 38. Kc3 Kc5 39. g4 Nd4 40. Kd3
Nb5 41. h4 h6 42. e5 fxe5 43. fxe5 Nd4 44. Be4 g5 45. hxg5 hxg5 46. Bf5 Bg8 47.
Be4 Ne6 48. Nf5 Nf4+ 49. Kc3 Be6 50. Nd4 Bxg4 51. Nxc6 Nd5+ 52. Bxd5 Kxd5 53.
Nd4 Kxe5 54. Kd3 Kf4 55. Kd2 Ke4 56. Nc2 Kf3 57. Nd4+ Kf2 58. Kd3 Bf3 59. Nf5 g4
60. Kd4 Bb7 61. Ne3 g3 62. Ng4+ Kf3 63. Ne3 Be4 64. Nf1 g2 65. Nd2+ Kf4 0-1

[Event "Mondiale Lampo FIDE 2019"]
[Site "Mosca"]
[Date "29.12.2019"]
[Round "5.55"]
[White "Vishnu Prasanna, V"]
[Black "Bocharov, Dmitry"]
[Result "0-1"]
[WhiteTitle "GM"]
[BlackTitle "GM"]
[WhiteElo "2493"]
[BlackElo "2524"]
[WhiteFideId "5030692"]
[BlackFideId "4138716"]
[EventDate "2019.12.29"]

1. d4 Nf6 2. c4 e6 3. Nf3 d5 4. Nc3 c6 5. Qd3 b6 6. g3 Ba6 7. b3 Bd6 8. Bg2 Nbd7
9. O-O O-O 10. Rd1 e5 11. dxe5 Nxe5 12. Qc2 Rc8 13. Bg5 h6 14. Bxf6 Qxf6 15.
cxd5 cxd5 16. Nd4 Ng4 17. Bf3 Qg5 18. Qf5 Nxh2 19. Kxh2 Rxc3 20. Qxg5 hxg5 21.
Nf5 Bc5 22. Rxd5 g6 23. Nd4 Re8 24. Rd1 Kg7 25. Rd7 Bc8 26. Rxa7 Rh8+ 27. Kg2
Bxd4 28. Bd5 Bh3+ 29. Kg1 Rc2 30. Rxf7+ Kh6 31. Re7 Bc5 32. Rf7 Bf5 33. Kg2 g4
34. Bc4 Be4+ 35. Kg1 Kg5 0-1

[Event "Mondiale Lampo FIDE 2019"]
[Site "Mosca"]
[Date "29.12.2019"]
[Round "5.56"]
[White "Drygalov, Sergey"]
[Black "Afanasiev, Nikita"]
[Result "1/2-1/2"]
[WhiteTitle "IM"]
[BlackTitle "IM"]
[WhiteElo "2473"]
[BlackElo "2517"]
[WhiteFideId "24171743"]
[BlackFideId "24183555"]
[EventDate "2019.12.29"]

1. d4 Nf6 2. c4 e6 3. Nf3 b6 4. g3 Ba6 5. Qc2 b5 6. cxb5 Bxb5 7. Bg2 d5 8. Nc3
Ba6 9. O-O Be7 10. Bg5 O-O 11. Bxf6 Bxf6 12. Rfe1 Nd7 13. e4 c6 14. Rac1 Rb8 15.
b3 Re8 16. Na4 Bb5 17. Nc3 Ba6 18. Na4 Bb5 19. Nc3 Ba6 20. Na4 Rc8 21. Nc5 Nxc5
22. Qxc5 Be7 23. Qc2 Ba3 24. Rcd1 Bb4 25. Re3 h6 26. Qb2 Qa5 27. a4 Bb7 28. Ne5
Bd6 29. Nd3 Ba6 30. Rc1 Bxd3 31. Rxd3 Bb4 32. h4 Red8 33. Qe2 Qb6 34. Rc2 Rc7
35. Kh2 Rcd7 36. Rd1 a5 37. exd5 exd5 38. Qg4 Re7 39. Rdc1 Re6 40. h5 Rde8 41.
Qf4 Rf6 42. Qg4 Qb7 43. Rd1 Ree6 44. Rd3 Qe7 45. Rf3 Rxf3 46. Bxf3 Qf6 47. Kg2
Bf8 48. Re2 Rxe2 49. Bxe2 Qd6 50. Bd3 Be7 51. Qc8+ Bf8 52. Bf5 c5 53. dxc5 Qxc5
54. Qd7 Qd6 55. Qxd6 1/2-1/2

[Event "Mondiale Lampo FIDE 2019"]
[Site "Mosca"]
[Date "29.12.2019"]
[Round "5.57"]
[White "Ganguly, Surya Shekhar"]
[Black "Zvjaginsev, Vadim"]
[Result "1/2-1/2"]
[WhiteTitle "GM"]
[BlackTitle "GM"]
[WhiteElo "2633"]
[BlackElo "2627"]
[WhiteFideId "5002150"]
[BlackFideId "4113403"]
[EventDate "2019.12.29"]

1. e4 c5 2. Nf3 Nc6 3. Nc3 g6 4. d4 cxd4 5. Nxd4 Bg7 6. Be3 Nf6 7. Bc4 O-O 8.
Bb3 d6 9. f3 Qa5 10. Qd2 Nxd4 11. Bxd4 Be6 12. O-O-O b5 13. Rhe1 Bxb3 14. cxb3
b4 15. Na4 e5 16. Be3 d5 17. exd5 Rfd8 18. d6 Bf8 19. Kb1 Rxd6 20. Qf2 Re6 21.
Bc5 e4 22. Bxf8 Rxf8 23. Qc5 Qa6 24. Qxb4 exf3 25. gxf3 Rfe8 26. Nc5 Rxe1 27.
Rxe1 Rxe1+ 28. Qxe1 Qc6 29. Qe3 Qd6 30. a3 Qxh2 31. Ka2 Qd6 32. Nd3 h5 33. Ne5
h4 34. f4 a5 35. Qh3 Ne4 36. Qxh4 Nc3+ 37. bxc3 Qd2+ 1/2-1/2